| 000 | 01015nam a22002295i 4500 | ||
|---|---|---|---|
| 001 | 159671 | ||
| 003 | ES-MaACL | ||
| 005 | 20230906211725.0 | ||
| 008 | 900522m18781879sp |||| |cspa d | ||
| 040 |
_aCAT _bspa _cCAT _dCCPB |
||
| 043 | _ae-sp | ||
| 080 | _a929 | ||
| 100 | 1 |
_aMillares Torres, Agustín. _981182 |
|
| 245 | 1 | 0 |
_aHijos ilustres de las islas Canarias _b: biografías de canarios cèlebres [sic] / _cpor Agustín Millares. |
| 250 | _a2a ed. refundida, considerablemente aum. y precedida de un Estudio sobre los progresos de la civilización en el archipiélago, desde su conquista hasta nuestros días. | ||
| 260 |
_aLas Palmas de Gran-Canaria : _b[s.n.], _c1879 ( _fImp. de Francisco Martín González) |
||
| 300 |
_a349 p. ; _c23 cm. |
||
| 651 | 4 |
_aCanarias- _xBiografías. _9137081 |
|
| 700 | 1 |
_aMartín González, Francisco, _eimp. _977513 |
|
| 752 |
_aEspaña - _dLas Palmas de Gran Canaria |
||
| 852 |
_aES-MaACL _jG-13190 _z-- Enc. hol. _z-- An. ms.: ded. del autor al Ateneo de Madrid |
||
| 999 |
_c159671 _d159671 |
||